000 01046nab a2200313 u 4500
001 16758
003 HDC
007 cr bn ---aaaaa
008 210201b20110112my ||||| |||| 00| 0engy d
040 _aHDC
100 _aAzaraimy .
_eauthor
_913620
245 0 _aCentre mulling country-specific export schemes
246 _aOne hundred Halal Dairy
260 _a[No place] :
_bDerby Telegraph,
_c2010
300 _a1 online resource
336 _atext
_2rdacontent
337 _acomputer
_2rdamedia
338 _aonline resource
_2rdacarrier
650 _aFood industry and trade.
_9140
650 _aFood
_xReligious aspects
_xIslam
_9239
650 _aHalal food industry
_xCertification
_9415
650 _aHalal food
_950
650 _aHalal meat
_91025
710 _aDeccan Herald,
_eissung body
856 _zRequest full-text at [email protected]
942 _2lcc
942 _cNEWS
942 _kNWSO 004070
999 _c14074
_d14074